Derecho procesal ambiental
Furkejuvvon:
| Váldodahkki: | |
|---|---|
| Eará dahkkit: | , |
| Materiálatiipa: | Dovdameahttun |
| Giella: | eaŋgalasgiella |
| Almmustuhtton: |
Santiago, Chile.
Thomson Reuters,
2021
|
| Preanttus: | 1a. edición |
| Ráidu: | Monografías
|
| Fáttát: | |
| Fáddágilkorat: |
Lasit fáddágilkoriid
Eai fáddágilkorat, Lasit vuosttaš fáddágilkora!
|
MARC
| LEADER | 00000 a2200000 4500 | ||
|---|---|---|---|
| 003 | CL-VaPUC | ||
| 005 | 20240731160347.0 | ||
| 008 | 210922b2021 ||||| |||| 00| 0 eng d | ||
| 999 | |c 433598 |d 433596 | ||
| 020 | |a 978-956-400-219-4 | ||
| 040 | |c Pontificia Universidad Católica de Valparaíso | ||
| 082 | |a 344.83046 PEÑ 2021 |2 22 | ||
| 100 | 1 | |a Peña y Lillo Delaunoy, Cristián |9 863069 | |
| 245 | 1 | |a Derecho procesal ambiental | |
| 250 | |a 1a. edición | ||
| 260 | |a Santiago, Chile. |b Thomson Reuters, |c 2021 | ||
| 300 | |a 545 páginas | ||
| 440 | |a Monografías |9 856527 | ||
| 583 | |k Cristina María Rojas Aguilar |c 20210922 | ||
| 650 | 0 | |a Derecho ambiental |z Chile |9 499116 | |
| 650 | 0 | |a Tribunales ambientales |9 863074 | |
| 650 | 0 | |a Protección del medio ambiente |9 257626 | |
| 650 | 0 | |a Tribunales ambientales |9 863074 | |
| 700 | |a Cafferatta, Néstor A. |e prólogo |9 863072 | ||
| 700 | |a Peña Chacón, Mario |e presentación |9 863073 | ||
| 942 | |2 ddc |c BK | ||
| 952 | |0 0 |1 0 |2 ddc |4 0 |6 344_830460000000000_PEÑ_2021 |7 0 |8 A |9 578873 |a BIBDER |b BIBDER |d 2021-09-22 |e 31 |g 0.00 |i 5588847 |l 7 |m 9 |o 344.83046 PEÑ 2021 |p 5588847 |r 2023-01-25 |s 2022-11-22 |t 1 |v 0.00 |w 2021-09-22 |y BK |k DER | ||